| 000 | 00744cam a22002174a 4500 | ||
|---|---|---|---|
| 005 | 20250605164156.0 | ||
| 008 | 250528s ||||||||||||||||||||||||d | ||
| 035 | _a19589 | ||
| 020 | _a9603331465 | ||
| 040 |
_aGR-AtMCL _bgre _dGR-AtMCL _eAACR2 |
||
| 245 | 1 | _aΔΙΑΘΕΜΑΤΙΚΗ ΠΡΟΣΕΓΓΙΣΗ ΤΗΣ ΔΙΔΑΣΚΑΛΙΑΣ | |
| 250 | _a2 | ||
| 260 |
_bΓρηγορης, _c1986 |
||
| 300 | _a118 | ||
| 505 | 0 | _aΔΙΔΑΣΚΑΛΙΑ ΑΥΤΕΝΕΡΓΟΣ ΜΑΘΗΣΗ ΕΠΟΠΤΙΚΗ ΔΙΔΑΣΚΑΛΙΑ | |
| 520 | _aΔΙΔΑΣΚΑΛΙΑ ΑΥΤΕΝΕΡΓΟΣ ΜΑΘΗΣΗ ΕΠΟΠΤΙΚΗ ΔΙΔΑΣΚΑΛΙΑ | ||
| 700 | 1 |
_aΘεοφιλιδης Χρηστος _95792 |
|
| 942 | _cBK | ||
| 999 |
_c4845 _d4845 |
||